La vieja rica (Record no. 125109)

MARC details
000 -LEADER
campo de control de longitud fija 00889nam a2200241 i 4500
001 - NÚMERO DE CONTROL
campo de control 125109
003 - IDENTIFICADOR DE NÚMERO DE CONTROL
campo de control ES-MaACL
005 - FECHA Y HORA DE LA ÚLTIMA TRANSACCIÓN
campo de control 20240524110555.0
007 - CAMPO FIJO DE DESCRIPCIÓN FÍSICA--INFORMACIÓN GENERAL
campo de control de longitud fija t|
008 - DATOS DE LONGITUD FIJA--INFORMACIÓN GENERAL
campo de control de longitud fija 070504s1931 sp ||||1| spa d
080 ## - NÚMERO DE LA CLASIFICACIÓN DECIMAL UNIVERSAL
Número de la Clasificación Decimal Universal 860-22"19"
100 1# - ENTRADA PRINCIPAL--NOMBRE DE PERSONA
Nombre de persona Fernández del Villar, José.
9 (RLIN) 49736
245 13 - MENCIÓN DEL TÍTULO
Título La vieja rica
Resto del título : comedia en tres actos y en prosa /
Mención de responsabilidad, etc. José Fernández del Villar ; dibujos de Gutiérrez Navas.
260 ## - PUBLICACIÓN, DISTRIBUCIÓN, ETC.
Lugar de publicación, distribución, etc. Madrid :
Nombre del editor, distribuidor, etc. Rivadeneyra,
Fecha de publicación, distribución, etc. 1931.
300 ## - DESCRIPCIÓN FÍSICA
Extensión 92 p. ;
Dimensiones 17 cm.
490 1# - MENCIÓN DE SERIE
Mención de serie La Farsa ;
Designación de volumen o secuencia 195
500 ## - NOTA GENERAL
Nota general Estrenada en el Teatro Alkázar, de Madrid, la noche del 14 de noviembre de 1930.
500 ## - NOTA GENERAL
Nota general Cubierta de este número: Carmen Sanz intérprete de Sofía en La vieja rica.
700 1# - ENTRADA AGREGADA--NOMBRE PERSONAL
Nombre de persona Gutiérrez Navas, Manuel,
Fechas asociadas al nombre 1890-1971
9 (RLIN) 61196
830 0# - PUNTO DE ACCESO ADICIONAL DE SERIE-TÍTULO UNIFORME
Título uniforme La Farsa ;
Designación de volumen o secuencia 195
9 (RLIN) 185863
852 ## - LOCALIZACIÓN
Ubicación ES-MaACL
Número de control de estantería 2219-F-16
Sublocalización o colección R.140680
Holdings
Estatus retirado Estado de pérdida Estado de daño No para préstamo Colección Biblioteca de origen Biblioteca actual Ubicación en estantería Fecha de adquisición Fuente de adquisición Total de préstamos Signatura topográfica completa Código de barras Visto por última vez Precio de reemplazo Tipo de ítem Koha
        Colección de folletos Biblioteca del Ateneo de Madrid Biblioteca del Ateneo de Madrid Depósito folletos 17/01/2008     2219-F-16 1130343 23/02/2023 23/02/2023 Folleto